Statistics for Elden Ring Spells

Click here to take the quiz!

General Stats

  • This quiz has been taken 103 times
    (98 since last reset)
  • The average score is 65 of 171

Answer Stats

Spell ClassAnswer% Correct
Glintstone SorceriesComet
89%
Primeval SorceriesComet Azur
82%
Glintstone SorceriesGlintstone Pebble
76%
Godskin Apostle IncantationsBlack Flame
68%
Carian SorceriesCarian Slicer
66%
Carian SorceriesCarian Greatsword
63%
Carian SorceriesCarian Piercer
63%
Night SorceriesNight Comet
63%
Gravity SorceriesRock Sling
63%
Two Fingers IncantationsHeal
61%
Carian SorceriesAdula's Moonblade
58%
Dragon Communion IncantationsDragonclaw
58%
Dragon Communion IncantationsDragonmaw
58%
Primeval SorceriesFounding Rain of Stars
58%
Dragon Communion IncantationsAgheel's Flame
55%
Aberrant SorceriesBriars of Sin
55%
Death SorceriesFia's Mist
55%
Magma SorceriesMagma Shot
55%
Fire Monk IncantationsCatch Flame
53%
Night SorceriesNight Shard
53%
Servants of Rot IncantationsPoison Mist
53%
Bestial IncantationsBeast Claw
50%
Dragon Communion IncantationsDragonfire
50%
Dragon Communion IncantationsEkzyke's Decay
50%
Gravity SorceriesMeteorite
50%
Dragon Communion IncantationsRotten Breath
50%
Carian SorceriesCarian Retaliation
47%
Dragon Communion IncantationsDragonice
47%
Fire Monk IncantationsFlame of the Fell God
47%
Carian SorceriesGlintblade Phalanx
47%
Glintstone SorceriesGlintstone Cometshard
47%
Claymen SorceriesGreat Oracular Bubble
47%
Dragon Communion IncantationsGreyoll's Roar
47%
Night SorceriesNight Maiden's Mist
47%
Servants of Rot IncantationsPest Threads
47%
Magma SorceriesRykard's Rancor
47%
Dragon Communion IncantationsSmarag's Glintstone Breath
47%
Night SorceriesAmbush Shard
45%
Bestial IncantationsBestial Sling
45%
Blood IncantationsBloodboon
45%
Aberrant SorceriesBriars of Punishment
45%
Erdtree IncantationsErdtree Heal
45%
Fire Monk IncantationsFlame, Cleanse Me
45%
Fire Monk IncantationsFlame, Grant Me Strength
45%
Cold SorceriesFreezing Mist
45%
Gravity SorceriesGravity Well
45%
Two Fingers IncantationsGreat Heal
45%
Gravity SorceriesMeteorite of Astel
45%
Fire Monk IncantationsO, Flame!
45%
Carian SorceriesRanni's Dark Moon
45%
Carian SorceriesRennala's Full Moon
45%
Primeval SorceriesStars of Ruin
45%
Death SorceriesAncient Death Rancor
42%
Blood IncantationsBloodflame Blade
42%
Blood IncantationsBloodflame Talons
42%
Dragon Communion IncantationsBorealis's Mist
42%
Crystalian SorceriesCrystal Torrent
42%
Glintstone SorceriesGlintstone Arc
42%
Dragon Communion IncantationsGlintstone Breath
42%
Glintstone SorceriesGreat Glintstone Shard
42%
Frenzied Flame IncantationsHowl of Shabriri
42%
Carian SorceriesLoretta's Mastery
42%
Servants of Rot IncantationsScarlet Aeonia
42%
Glintstone SorceriesSwift Glintstone Shard
42%
Glintstone SorceriesTerra Magica
42%
Erdtree IncantationsBlack Blade
39%
Carian SorceriesCarian Phalanx
39%
Gravity SorceriesCollapsing Stars
39%
Carian SorceriesLoretta's Greatbow
39%
Glintstone SorceriesStar Shower
39%
Glintstone SorceriesThop's Barrier
39%
Two Fingers IncantationsUrgent Heal
39%
Godskin Apostle IncantationsBlack Flame Blade
37%
Glintstone SorceriesCannon of Haima
37%
Glintstone SorceriesCrystal Burst
37%
Fire Monk IncantationsFlame Sling
37%
Erdtree IncantationsGolden Vow
37%
Carian SorceriesGreatblade Phalanx
37%
Dragon Cult IncantationsLightning Spear
37%
Claymen SorceriesOracle Bubbles
37%
Death SorceriesRancorcall
37%
Godskin Apostle IncantationsScouring Black Flame
37%
Dragon Communion IncantationsTheodorix's Magma
37%
Cold SorceriesZamor Ice Storm
37%
Erdtree IncantationsAspect of the Crucible: Breath
34%
Erdtree IncantationsAspect of the Crucible: Horns
34%
Erdtree IncantationsAspect of the Crucible: Tail
34%
Bestial IncantationsBestial Vitality
34%
Fire Monk IncantationsFlame, Protect Me
34%
Frenzied Flame IncantationsFrenzied Burst
34%
Glintstone SorceriesGavel of Haima
34%
Fire Monk IncantationsGiantsflame Take Thee
34%
Carian SorceriesMagic Glintblade
34%
Dragon Communion IncantationsPlacidusax's Ruin
34%
Servants of Rot IncantationsPoison Armament
34%
Glintstone SorceriesScholar's Shield
34%
Glintstone SorceriesStarlight
34%
Bestial IncantationsStone of Gurranq
34%
Blood IncantationsSwarm of Flies
34%
Night SorceriesUnseen Blade
34%
Night SorceriesUnseen Form
34%
Dragon Cult IncantationsAncient Dragon's Lightning Strike
32%
Two Fingers IncantationsAssassin's Approach
32%
Erdtree IncantationsBlessing of the Erdtree
32%
Erdtree IncantationsBlessing's Boon
32%
Fire Monk IncantationsBurn, O Flame!
32%
Crystalian SorceriesCrystal Release
32%
Golden Order IncantationsDiscus of Light
32%
Erdtree IncantationsElden Stars
32%
Fire Monk IncantationsFlame, Fall Upon Them
32%
Frenzied Flame IncantationsFlame of Frenzy
32%
Cold SorceriesGlintstone Icecrag
32%
Dragon Cult IncantationsHoned Bolt
32%
Golden Order IncantationsLaw of Causality
32%
Golden Order IncantationsLaw of Regression
32%
Dragon Cult IncantationsLightning Strike
32%
Two Fingers IncantationsLord's Heal
32%
Carian SorceriesLucidity
32%
Dragon Communion IncantationsMagma Breath
32%
Golden Order IncantationsRadagon's Rings of Light
32%
Magma SorceriesRoiling Magma
32%
Glintstone SorceriesScholar's Armament
32%
Glintstone SorceriesShard Spiral
32%
Fire Monk IncantationsSurge, O Flame!
32%
Death SorceriesTibia's Summons
32%
Fire Monk IncantationsWhirl, O Flame!
32%
Godskin Apostle IncantationsBlack Flame Ritual
29%
Glintstone SorceriesCrystal Barrage
29%
Two Fingers IncantationsCure Poison
29%
Dragon Cult IncantationsDeath Lightning
29%
Night SorceriesEternal Darkness
29%
Magma SorceriesGelmir's Fury
29%
Dragon Cult IncantationsLansseax's Glaive
29%
Carian SorceriesMagic Downpour
29%
Two Fingers IncantationsMagic Fortification
29%
Godskin Apostle IncantationsNoble Presence
29%
Golden Order IncantationsTriple Rings of Light
29%
Frenzied Flame IncantationsUnendurable Frenzy
29%
Dragon Cult IncantationsVyke's Dragonbolt
29%
Dragon Cult IncantationsAncient Dragon's Lightning Spear
26%
Godskin Apostle IncantationsBlack Flame's Protection
26%
Two Fingers IncantationsDarkness
26%
Death SorceriesExplosive Ghostflame
26%
Dragon Cult IncantationsFortissax's Lightning Spear
26%
Cold SorceriesFrozen Armament
26%
Bestial IncantationsGurranq's Beast Claw
26%
Frenzied Flame IncantationsInescapable Frenzy
26%
Two Fingers IncantationsLightning Fortification
26%
Glintstone SorceriesRock Blaster
26%
Glintstone SorceriesShatter Earth
26%
Crystalian SorceriesShattering Crystal
26%
Bestial IncantationsBestial Constitution
24%
Fire Monk IncantationsFire's Deadly Sin
24%
Two Fingers IncantationsFlame Fortification
24%
Glintstone SorceriesGlintstone Stars
24%
Two Fingers IncantationsLord's Aid
24%
Two Fingers IncantationsLord's Divine Fortification
24%
Erdtree IncantationsProtection of the Erdtree
24%
Erdtree IncantationsWrath of Gold
24%
Two Fingers IncantationsDivine Fortification
21%
Dragon Cult IncantationsDragonbolt Blessing
21%
Dragon Cult IncantationsElectrify Armament
21%
Dragon Cult IncantationsFrozen Lightning Spear
21%
Golden Order IncantationsImmutable Shield
21%
Golden Order IncantationsLitany of Proper Death
21%
Golden Order IncantationsOrder Healing
21%
Two Fingers IncantationsRejection
21%
Two Fingers IncantationsShadow Bait
21%
Erdtree IncantationsBarrier of Gold
18%
Erdtree IncantationsGolden Lightning Fortification
16%
Golden Order IncantationsOrder's Blade
16%

Score Distribution

Percentile by Number Answered

Percent of People with Each Score

Your Score History

You have not taken this quiz since the last reset